<?xml version="1.0" encoding="UTF-8"?>
<record
    xmlns:xsi="http://www.w3.org/2001/XMLSchema-instance"
    xsi:schemaLocation="http://www.loc.gov/MARC21/slim http://www.loc.gov/standards/marcxml/schema/MARC21slim.xsd"
    xmlns="http://www.loc.gov/MARC21/slim">

  <leader>00709nam a22001577a 4500</leader>
  <controlfield tag="003">LRUA</controlfield>
  <controlfield tag="005">20220829093548.0</controlfield>
  <controlfield tag="008">220829b        xxu||||| |||| 00| 0 eng d</controlfield>
  <datafield tag="040" ind1=" " ind2=" ">
    <subfield code="c">RUA</subfield>
  </datafield>
  <datafield tag="082" ind1=" " ind2=" ">
    <subfield code="2">VEM PHA 2018 B1-558 Or.</subfield>
  </datafield>
  <datafield tag="100" ind1=" " ind2=" ">
    <subfield code="9">15137</subfield>
    <subfield code="a">PHALA VUTHA,&#x1795;&#x179B;&#x17D2;&#x179B;&#x17B6; &#x179C;&#x17BB;&#x178F;&#x17D2;&#x1790;&#x17B6;</subfield>
  </datafield>
  <datafield tag="245" ind1=" " ind2=" ">
    <subfield code="a">GASTROINESTINAL PARASITES IN CHNINE AT CHOM CHAO COMMUNE,PORSENCHEY DISTRICT,PHNOM PENH CITY,&#x1794;&#x179A;&#x17B6;&#x179F;&#x17B7;&#x178F;&#x1780;&#x17D2;&#x1793;&#x17BB;&#x1784;&#x1780;&#x17D2;&#x179A;&#x1796;&#x17C7;&#x1796;&#x17C4;&#x17C7;&#x179C;&#x17C0;&#x1793;&#x179F;&#x17B7;&#x1793;&#x1781;&#x200B; &#x1793;&#x17C5;&#x179F;&#x1784;&#x17D2;&#x1780;&#x17B6;&#x178F;&#x17CB;&#x1785;&#x17C4;&#x1798;&#x1785;&#x17C5; &#x1781;&#x178E;&#x17D2;&#x178E;&#x1796;&#x17C4;&#x1792;&#x17B7;&#x17CD;&#x179F;&#x17C2;&#x1793;&#x1787;&#x17D0;&#x1799; &#x179A;&#x17B6;&#x1787;&#x1792;&#x17B6;&#x1793;&#x17B8;&#x1797;&#x17D2;&#x1793;&#x17C6;&#x1796;&#x17C1;&#x1789;</subfield>
  </datafield>
  <datafield tag="260" ind1=" " ind2=" ">
    <subfield code="a">phnom penh</subfield>
    <subfield code="b">rua</subfield>
    <subfield code="c">2018</subfield>
  </datafield>
  <datafield tag="300" ind1=" " ind2=" ">
    <subfield code="a">viii.35p.</subfield>
    <subfield code="b">ill.</subfield>
    <subfield code="c">29cm.</subfield>
  </datafield>
  <datafield tag="942" ind1=" " ind2=" ">
    <subfield code="2">ddc</subfield>
    <subfield code="c">VEM</subfield>
  </datafield>
  <datafield tag="999" ind1=" " ind2=" ">
    <subfield code="c">20377</subfield>
    <subfield code="d">20377</subfield>
  </datafield>
  <datafield tag="952" ind1=" " ind2=" ">
    <subfield code="0">0</subfield>
    <subfield code="1">0</subfield>
    <subfield code="2">ddc</subfield>
    <subfield code="4">0</subfield>
    <subfield code="6">VEM_PHA_2018_000000000000000_B1558_OR</subfield>
    <subfield code="7">0</subfield>
    <subfield code="9">90761</subfield>
    <subfield code="a">LBB</subfield>
    <subfield code="b">LBB</subfield>
    <subfield code="c">B1.558</subfield>
    <subfield code="d">2022-08-29</subfield>
    <subfield code="o">VEM PHA 2018 B1-558 Or.</subfield>
    <subfield code="p">A070952</subfield>
    <subfield code="r">2022-08-29</subfield>
    <subfield code="w">2022-08-29</subfield>
    <subfield code="y">VEM</subfield>
  </datafield>
  <datafield tag="952" ind1=" " ind2=" ">
    <subfield code="0">0</subfield>
    <subfield code="1">0</subfield>
    <subfield code="2">ddc</subfield>
    <subfield code="4">0</subfield>
    <subfield code="6">VEM_PHA_2018_000000000000000_B1558_OR</subfield>
    <subfield code="7">0</subfield>
    <subfield code="9">90762</subfield>
    <subfield code="a">LBB</subfield>
    <subfield code="b">LBB</subfield>
    <subfield code="c">B1.558</subfield>
    <subfield code="d">2022-08-29</subfield>
    <subfield code="o">VEM PHA 2018 B1-558 Or.</subfield>
    <subfield code="p">A070443</subfield>
    <subfield code="r">2022-08-29</subfield>
    <subfield code="w">2022-08-29</subfield>
    <subfield code="y">VEM</subfield>
  </datafield>
  <datafield tag="952" ind1=" " ind2=" ">
    <subfield code="0">0</subfield>
    <subfield code="1">0</subfield>
    <subfield code="2">ddc</subfield>
    <subfield code="4">0</subfield>
    <subfield code="6">VEM_PHA_2018_000000000000000_B1558_OR</subfield>
    <subfield code="7">0</subfield>
    <subfield code="9">90763</subfield>
    <subfield code="a">LBB</subfield>
    <subfield code="b">LBB</subfield>
    <subfield code="c">B1.558</subfield>
    <subfield code="d">2022-08-29</subfield>
    <subfield code="o">VEM PHA 2018 B1-558 Or.</subfield>
    <subfield code="p">A070284</subfield>
    <subfield code="r">2022-08-29</subfield>
    <subfield code="w">2022-08-29</subfield>
    <subfield code="y">VEM</subfield>
  </datafield>
  <datafield tag="952" ind1=" " ind2=" ">
    <subfield code="0">0</subfield>
    <subfield code="1">0</subfield>
    <subfield code="2">ddc</subfield>
    <subfield code="4">0</subfield>
    <subfield code="6">VEM_PHA_2018_000000000000000_B1558_OR</subfield>
    <subfield code="7">0</subfield>
    <subfield code="9">90764</subfield>
    <subfield code="a">LBB</subfield>
    <subfield code="b">LBB</subfield>
    <subfield code="c">B1.558</subfield>
    <subfield code="d">2022-08-29</subfield>
    <subfield code="o">VEM PHA 2018 B1-558 Or.</subfield>
    <subfield code="p">A070440</subfield>
    <subfield code="r">2022-08-29</subfield>
    <subfield code="w">2022-08-29</subfield>
    <subfield code="y">VEM</subfield>
  </datafield>
  <datafield tag="952" ind1=" " ind2=" ">
    <subfield code="0">0</subfield>
    <subfield code="1">0</subfield>
    <subfield code="2">ddc</subfield>
    <subfield code="4">0</subfield>
    <subfield code="6">VEM_PHA_2018_000000000000000_B1558_OR</subfield>
    <subfield code="7">0</subfield>
    <subfield code="9">90765</subfield>
    <subfield code="a">LBB</subfield>
    <subfield code="b">LBB</subfield>
    <subfield code="c">B1.558</subfield>
    <subfield code="d">2022-08-29</subfield>
    <subfield code="o">VEM PHA 2018 B1-558 Or.</subfield>
    <subfield code="p">A070531</subfield>
    <subfield code="r">2022-08-29</subfield>
    <subfield code="w">2022-08-29</subfield>
    <subfield code="y">VEM</subfield>
  </datafield>
  <datafield tag="952" ind1=" " ind2=" ">
    <subfield code="0">0</subfield>
    <subfield code="1">0</subfield>
    <subfield code="2">ddc</subfield>
    <subfield code="4">0</subfield>
    <subfield code="6">VEM_PHA_2018_000000000000000_B1558_OR</subfield>
    <subfield code="7">0</subfield>
    <subfield code="9">90766</subfield>
    <subfield code="a">LBB</subfield>
    <subfield code="b">LBB</subfield>
    <subfield code="c">B1.558</subfield>
    <subfield code="d">2022-08-29</subfield>
    <subfield code="o">VEM PHA 2018 B1-558 Or.</subfield>
    <subfield code="p">A070427</subfield>
    <subfield code="r">2022-08-29</subfield>
    <subfield code="w">2022-08-29</subfield>
    <subfield code="y">VEM</subfield>
  </datafield>
</record>
